Państwa według 20 najleszych kuchni świata - Statystyki

Ogólne statystyki
  • Ten quiz został rozwiązany 68 razy
  • Średni wynik to 15 z 20
Statystyki odpowiedzi
Miejsce Państwo % Poprawnych
8 Francja
100%
11 Polska
98%
2 Włochy
98%
10 Chiny
95%
9 Japonia
95%
13 Stany Zjednoczone
95%
4 Hiszpania
92%
3 Meksyk
89%
1 Grecja
87%
16 Brazylia
85%
12 Indie
84%
5 Portugalia
82%
6 Turcja
80%
7 Indonezja
62%
17 Chorwacja
59%
19 Wietnam
57%
20 Węgry
54%
18 Kolumbia
46%
14 Peru
41%
15 Serbia
39%
Nie znaleziono quizów pasujących do podanych kryteriów
Rozkład punktacji
Procent ludzi z każdym wynikiem
Percentyl według liczby udzielonych odpowiedzi
Twoja historia wyników
Nie rozwiązałeś tego quizu